000 00412nam a22001457a 4500
003 OSt
005 20260421084059.0
008 260421b |||||||| |||| 00| 0 eng d
040 _aDWCL-Main lib
_cOC
082 _aCirc. 201.07 L585t 1967
245 _aTheological studies/
260 _aUnited States :
_bTheological Studies, Inc.,
_cc1967.
300 _a211-436 p. ;
_c23 cm.
942 _2ddc
_cBK-CIRC
_hCirc.
_n0
999 _c9613
_d9613